000 00294nam a22001337a 4500
008 171030b xxu||||| |||| 00| 0 eng d
020 _a2900077427688
041 _aeng
080 _27 ED
_a336
100 _a57
101 _aFIN
245 _aCORPORATE FINANCE
_cROSS,W,J
942 _2udc
_cBK
999 _c36399
_d36399